| 000 | 00741nam a2200229 i 4500 | ||
|---|---|---|---|
| 001 | 125526 | ||
| 003 | ES-MaACL | ||
| 005 | 20250728110241.0 | ||
| 007 | t| | ||
| 008 | 190709s1966 sp ||||1| cat d | ||
| 100 | 1 |
_aAranguren, José Luis L., _d1909-1996 _922315 |
|
| 245 | 1 | 0 |
_aReligiositat intel·lectual / _cJosé Luis L. Aranguren ; [traducció de Gabriel Bas]. |
| 250 | _a1ª ed. | ||
| 260 |
_aBarcelona : _bEdicions 62, _c[1966] |
||
| 300 |
_a205 p. ; _c18 cm. |
||
| 490 | 1 |
_aCol·lecció Blanquerma ; _v20 |
|
| 650 | 0 | 7 |
_aReligión y filosofía _2embne _916811 |
| 700 | 0 |
_aBas, Gabriel. _926227 |
|
| 830 | 0 |
_aCol·lecció Blanquerma ; _v20 _9219045 |
|
| 852 |
_aES-MaACL _jP-668-Bis-1 |
||
| 999 |
_c125526 _d125526 |
||